| 000 | 00324 a2200121 4500 | ||
|---|---|---|---|
| 020 | _a0946515069 | ||
| 050 |
_aBV4509.5 _b.S39 1981 |
||
| 100 |
_aSeamands, David A. _9635 |
||
| 245 |
_aHealing for damaged emotions / _cDavid A Seamands. |
||
| 260 |
_aEngland : _bAlpha, _cc1981. |
||
| 300 |
_a159 p. ; _c18 cm. |
||
| 942 |
_2lcc _cBK _n0 |
||
| 999 |
_c1001 _d1001 |
||